000 00644nam a2200193 4500
008 150930b xxu||||| |||| 00| 0 eng d
020 _a9780393930573
050 _aPS 507 .B39 2003
100 _aBaym, Nina
_d2003
245 _aThe Norton anthology of American literature
_cNina Baym
250 _a7th ed.
260 _aNew York ; London :
_b W.W. Norton & Company,
_c ©2008.
300 _axxxv, 2874[90]p.:
_bill. ;
_c24cm.
500 _aIncludes index.
650 _2American literature.
650 _2United States
_a Literary collections.
650 _2 United States.
942 _2lcc
_cBOOKS
_hPS 507 .B39 2003
999 _c6808
_d6808